000 00275nam a22001217a 4500
008 170721b xxu||||| |||| 00| 0 eng d
041 _aeng
080 _a004
100 _a28
101 _aSHKI
245 _aADVANCED INFORMATION PROCESSING
_cSCHAWARZEL, H
942 _2udc
_cBK
999 _c21741
_d21741